000 00844cam a22002293u 4500
001 1149
005 20251023093853.0
040 _aDLC
_beng
_cCarP
_dDLC
050 0 0 _aPZ7.C8466
_bTo
100 1 _aCrampton, Gertrude,
_d1909-1996.
245 1 0 _aTootle /
_cstory by Gertrude Crampton; pictures by Tibor Gergely.
260 _aNew York :
_bSimon and Schuster,
_c1945.
300 _a[42] p. :
_billustrations. (part col.) ;
_c21 cm.
490 1 _aLittle golden library,
_v21
505 _aG
520 _aTootle, a young train in training, begins leaving the tracks to cavort in the meadow until engineer Bill figures out a way to lure him back.
521 _a370
_bLexile
521 _aG
_bRaz-Plus
700 1 _aGergely, Tibor,
_d1900-1978,
_eillustrator.
906 _a7
_bcbc
_cpremunv
_du
_encip
_f19
_gy-gencatlg
942 _2ddc
_cBK
_n0
999 _c1149
_d1149